000 00963nam a2200241Ia 4500
003 OSt
005 20211103143704.0
008 210310t2014 eu ad fr 000 0 eng d
020 _a9780470599396
040 _aCO-JMCR
_cCO-JMCR
041 0 _aeng
082 0 4 _a338.9 /
_bS296d
_223
100 1 _aSchaffner, Julie,
_918101
_eautor
245 1 0 _aDevelopment economics :
_btheory, empirical research, and policy analysis /
_cJulie Schaffner
260 _aHoboken, NJ :
_bWiley,
_c©2014
300 _axxiv, 664 páginas :
_bilustraciones y gráficas a blanco y negro ;
_c25 cm.
500 _aIncluye notas a pie de página.
505 0 _aDevelopment Objectives and the Big Picture -- Analytical Framework: Decisions, Markets, and Institutions -- Policy Analysis Approach and Applications
650 1 4 _aDesarrollo económico
_918103
650 2 4 _aPolítica económica
_941402
650 2 4 _aEmpresas y economía
_xDesarrollo económico
_941403
942 _2ddc
_cBK
999 _c8724
_d8724